[Event "Guillermo Garcia Open"]
[Site "Santa Clara CUB"]
[Date "2018.05.22"]
[Round "1.19"]
[White "Garcia Quiroz,O"]
[Black "Duarte Napoles,F"]
[Result "1/2-1/2"]
[WhiteElo "1939"]
[BlackElo "2243"]

1.d4 Nf6 2.c4 e6 3.Nf3 c5 4.d5 exd5 5.cxd5 d6 6.Nc3 g6 7.e4 Bg7 8.Bd3 Bg4
9.Qb3 Bxf3 10.Qxb7 Nbd7 11.gxf3 O-O 12.Rb1 Nh5 13.Qa6 Ne5 14.Be2 Qf6 15.Kf1 Nxf3
16.Qd3 Ne5 17.Qe3 Rab8 18.Qg5 Rfe8 19.Nb5 Rb6 20.a4 c4 21.Bxh5 Qxg5 22.Bxg5 gxh5
23.Be3 Rbb8 24.Nxd6 Red8 25.Nf5 Ng4 26.Bxa7 Rxb2 27.Rxb2 Bxb2 28.Ke2 Ra8
29.Ne7+ Kg7 30.Nc6 Ne5 31.Rg1+ Kf6 32.Bd4 Bxd4 33.Nxd4 Rxa4 34.Rc1 Nd3 35.Rc2 Ke5
36.Ke3 Kd6 37.Nf5+ Kc5 38.d6 Ra3 39.Ke2 Nf4+ 40.Ke1 c3 41.f3 Kc4 42.d7 Ne6
43.Rc1 Nd8 44.Ne3+ Kd3 45.Nd5 Rb3 46.Kd1 Kd4 47.Ke2 f5 48.Nxc3 Rxc3 49.Rxc3 Kxc3
50.Ke3 fxe4 51.Kxe4 Kc4 52.Ke5 Kc5 53.Kf6 Kd6 54.Kg7 Kxd7 55.Kxh7 Nc6 56.Kh6 Ne5
57.f4 Ng4+ 58.Kxh5 Nxh2 59.f5 Ke8  1/2-1/2

[Event "93rd ch-ARG Semi-Final"]
[Site "Buenos Aires ARG"]
[Date "2018.05.24"]
[Round "6.22"]
[White "Leto,Enzo"]
[Black "Villegas,Franco"]
[Result "0-1"]
[WhiteElo "2160"]
[BlackElo "2250"]

1.d4 Nf6 2.c4 c5 3.d5 e6 4.Nc3 exd5 5.cxd5 d6 6.Nf3 g6 7.g3 Bg7 8.Bg2 O-O
9.O-O a6 10.a4 Re8 11.Nd2 Nbd7 12.h3 Rb8 13.Nc4 Ne5 14.Na3 Nh5 15.e4 Bd7
16.a5 Qxa5 17.g4 Nf6 18.f4 Nexg4 19.hxg4 Nxg4 20.f5 h5 21.Nc2 Qd8 22.Qf3 Rf8
23.Bf4 Qb6 24.Rab1 gxf5 25.Ne3 fxe4 26.Nxe4 f5 27.Ng3 Rbe8 28.Nc4 Qd8 29.Rbd1 Bb5
30.Nxd6 Bxf1 31.Bxf1 Bd4+ 32.Rxd4 cxd4 33.Nxh5 Qh4 34.Nxe8 Rxe8 35.d6 Qxh5
36.d7 Rd8 37.Qd5+ Qf7 38.Qxb7 Qxd7 39.Qxa6 d3 40.Qg6+ Qg7 41.Qe6+ Kh8 42.Bd2 Qa7+
43.Kh1 Qh7+  0-1

[Event "Guillermo Garcia Open"]
[Site "Santa Clara CUB"]
[Date "2018.05.24"]
[Round "3.4"]
[White "Fuentes,F"]
[Black "Flores Quillas,Diego Saul Rodri"]
[Result "1/2-1/2"]
[WhiteElo "2289"]
[BlackElo "2097"]

1.d4 Nf6 2.c4 c5 3.d5 e6 4.Nc3 exd5 5.cxd5 d6 6.Nf3 g6 7.g3 Bg7 8.Bg2 O-O
9.O-O Re8 10.Nd2 a6 11.a4 Nbd7 12.h3 Nh5 13.Nc4 Ne5 14.Na3 f5 15.Bd2 Rb8
16.Rb1 Bd7 17.b4 b5 18.axb5 axb5 19.Qc1 c4 20.Nc2 Nf7 21.Re1 Qc7 22.Ra1 Ra8
23.Ra3 Qb7 24.Rxa8 Rxa8 25.Qb2 Re8 26.Be3 f4 27.gxf4 Qc8 28.Kh2 Qd8 29.Bd4 Bxd4
30.Nxd4 Nxf4  1/2-1/2

[Event "Guillermo Garcia Open"]
[Site "Santa Clara CUB"]
[Date "2018.05.26"]
[Round "5.16"]
[White "Piedra Salabarria,Ernesto"]
[Black "Flores Quillas,Diego Saul Rodri"]
[Result "0-1"]
[WhiteElo "2355"]
[BlackElo "2097"]

1.d4 Nf6 2.Nf3 c5 3.d5 e6 4.c4 exd5 5.cxd5 d6 6.Nc3 g6 7.g3 Bg7 8.Bg2 O-O
9.O-O Re8 10.Nd2 a6 11.a4 Nbd7 12.Re1 Rb8 13.Nc4 Ne5 14.Na3 Nh5 15.h3 f5
16.Kh2 Bd7 17.f4 Nf7 18.Qd3 g5 19.Qf3 g4 20.Qd3 b5 21.axb5 axb5 22.hxg4 c4
23.Qc2 fxg4 24.Nd1 Qf6 25.Rh1 Ra8 26.Rb1 Rad8 27.e4 Nh6 28.Be3 Qg6 29.Qf2 Nf6
30.f5 Nxf5 31.exf5 Bxf5 32.Rc1 Ne4 33.Qf1 Be5 34.Bf4 Bd4 35.Ne3 Bxe3 36.Bxe3 Nxg3
37.Qf2 Nxh1 38.Kxh1 g3 39.Qf3 Be4 40.Qe2 Bd3 41.Qd1 Rxe3 42.Kg1 Rde8 43.Qd2 Qh5
44.Bf1 Re2  0-1

[Event "1st Longtou Cup 2018"]
[Site "Qinhuangdao CHN"]
[Date "2018.05.27"]
[Round "2.14"]
[White "Zhang,Fuhan"]
[Black "Chu Wei Chao"]
[Result "0-1"]
[WhiteElo "2195"]
[BlackElo "2403"]

1.d4 Nf6 2.Nf3 c5 3.d5 e6 4.c4 exd5 5.cxd5 d6 6.Nc3 g6 7.e4 Bg7 8.Be2 O-O
9.O-O Bg4 10.Re1 Re8 11.Nd2 Bxe2 12.Rxe2 Nfd7 13.Nc4 Ne5 14.Ne3 Na6 15.f4 Nd7
16.Nc4 Nb6 17.Qb3 Nxc4 18.Qxc4 Qd7 19.Be3 Nc7 20.a4 a6 21.a5 Nb5 22.Rd1 Qd8
23.e5 Nxc3 24.bxc3 Qxa5 25.exd6 Qxc3 26.Qxc3 Bxc3 27.d7 Re7 28.d6 Rxd7 29.Bxc5 Bf6
30.g4 h6 31.Bb6 Rc8 32.Rd5 Rc6 33.Re8+ Kg7 34.Bc7 Rc4 35.Kg2 Rxf4 36.Re7 Bxe7
37.dxe7 Rxg4+ 38.Kh3 Rxe7 39.Bd8 Rge4  0-1

[Event "1st Longtou Cup 2018"]
[Site "Qinhuangdao CHN"]
[Date "2018.05.27"]
[Round "2.26"]
[White "Sun,Pengxiang"]
[Black "Liu,Zhaoqi"]
[Result "0-1"]
[WhiteElo "1602"]
[BlackElo "2165"]

1.d4 Nf6 2.Nf3 c5 3.d5 e6 4.c4 exd5 5.cxd5 d6 6.Nc3 g6 7.Bf4 Bg7 8.e4 O-O
9.Bd3 a6 10.O-O b5 11.a3 Bg4 12.h3 Bxf3 13.Qxf3 Ne8 14.Rfe1 Nd7 15.Qg3 Ne5
16.Bf1 Nf6 17.Bxe5 Nh5 18.Bxg7 Nxg3 19.Bxf8 b4 20.fxg3 bxc3 21.Bh6 cxb2 22.Rab1 g5
23.e5 dxe5 24.Rxe5 f6 25.Re4 Kf7 26.Bd3 Qb6 27.Kh2 Re8 28.Rxe8 Kxe8 29.Bxh7 Kf7
30.d6 Qxd6 31.Rxb2 Qc7 32.Bf5 c4 33.h4 c3 34.Rc2 Qe5 35.Bd3 gxh4 36.Bf4 hxg3+
37.Kxg3 Qe1+ 38.Kh3 Qe6+ 39.Kg3 Qb3 40.Bc1 a5 41.Kh2 a4 42.Bf5 Qb8+ 43.Kh3 Qh8+
44.Kg4 Qg8+ 45.Kh4 Qh8+ 46.Kg4 Qd8 47.Be3 Qd1+ 48.Kg3 Qd6+ 49.Bf4 Qxa3 50.Bd3 Qb4
51.Rf2 Qd4 52.Bc2 Kg7 53.Bc1 Qd6+ 54.Kh3 a3 55.Ba4 a2 56.Rxa2 Qe6+ 57.Kh4 Qxa2
58.Bb5 Qb1  0-1

[Event "11th KIIT Elite Open 2018"]
[Site "Bhubaneswar IND"]
[Date "2018.05.28"]
[Round "5.5"]
[White "Ghosh,D"]
[Black "Rathnakaran,K"]
[Result "1-0"]
[WhiteElo "2536"]
[BlackElo "2377"]

1.d4 Nf6 2.c4 c5 3.d5 e6 4.Nc3 exd5 5.cxd5 d6 6.Nf3 a6 7.a4 g6 8.Bf4 Bg7
9.h3 O-O 10.e3 Ne8 11.Be2 Nd7 12.O-O h6 13.Bh2 f5 14.Nd2 b6 15.Nc4 Qe7 16.Ra3 Rb8
17.Rb3 Rf6 18.e4 f4 19.Bg4 Ne5 20.Bxc8 Rxc8 21.Nxb6 Rd8 22.Nb1 g5 23.Nd2 Rg6
24.Re1 Qf7 25.Nbc4 g4 26.hxg4 Nxg4 27.Nf3 Nxh2 28.Nxh2 Bd4 29.Kf1 Nf6 30.Nf3 Qd7
31.Nxd4 cxd4 32.e5 Nxd5 33.Nxd6 Ne3+ 34.fxe3 fxe3 35.Kg1 Qc6 36.Qe2 Qd5 37.Qc2 Rg7
38.Rd3 Qxe5 39.Nc4 Qg5 40.Nxe3 dxe3 41.Rxd8+ Qxd8 42.Qb3+ Kh7 43.Qxe3 Qd5
44.Qe4+ Qxe4 45.Rxe4 Rb7 46.b4 Rb6 47.Kf2 Kg6 48.Ke3 h5 49.Kf3 Kf5 50.Rc4 Kg6
51.Ke4 Kg5 52.Kd3 h4 53.Kc3 Kh5 54.Kd4 Rb8 55.Ke3 Kg5 56.Kf2 Rd8 57.Rc2 Rf8+
58.Kg1 Kg4 59.Kh2 Rf4 60.Rb2 a5 61.b5  1-0

[Event "Guillermo Garcia Open"]
[Site "Santa Clara CUB"]
[Date "2018.05.31"]
[Round "9.6"]
[White "Depestre Sanzchez,P"]
[Black "Duarte Napoles,F"]
[Result "1-0"]
[WhiteElo "2264"]
[BlackElo "2243"]

1.d4 Nf6 2.Nf3 e6 3.c4 c5 4.d5 exd5 5.cxd5 d6 6.Nc3 g6 7.Bf4 a6 8.a4 Bg7
9.e4 O-O 10.Bd3 Bg4 11.h3 Bxf3 12.Qxf3 Qe7 13.O-O Nbd7 14.Bc2 Rab8 15.Rab1 Ne5
16.Qe2 Nh5 17.Bh2 Nd7 18.g4 Nhf6 19.Kg2 b5 20.axb5 axb5 21.Nxb5 Rb6 22.Rfe1 Rfb8
23.Nxd6 Rxd6 24.e5 Rdb6 25.exf6 Qxf6 26.Bxb8 Rxb8 27.Qe7 Rb7 28.Qxf6 Bxf6
29.d6 Rb6 30.Ba4 Rxd6 31.Red1 Bd4 32.b4 Ne5 33.bxc5 Bxc5 34.Rb5 Rxd1 35.Bxd1 Nd3
36.Bb3 Be7 37.Rb7 Kf8 38.Bc4 Nf4+ 39.Kg3 g5 40.h4 h6 41.hxg5 hxg5 42.Kf3 Nh3
43.Bf1 Nf4 44.Ke4 Ng6 45.Bc4 Nf4 46.f3 Ng6 47.Ba2 Nf4 48.Ke5 Ng6+ 49.Kd5 Nf4+
50.Kc6 Nd3 51.Kb5 Nf4 52.Rd7 Ng6 53.Bd5 Nf4 54.Be4 Ne6 55.Rd1 Nf4 56.Kc6 Bf6
57.Kd6 Ne6 58.Bd5 Nf4 59.Ba2 Be7+ 60.Kd7 Ng6 61.Bd5 Ne5+ 62.Kc7 Ng6 63.Re1 Nf4
64.Ba2 Ng6 65.Kd7 Bf6 66.Bd5 Nf4 67.Be4 Ne6 68.Rb1 Nc5+ 69.Kc6 Ne6 70.Bd5 Nf4
71.Ba2 Ng6 72.Rb8+ Kg7 73.Kd7 Be5 74.Ra8 Bd4 75.Ke8 Nh4 76.Rd8 Nxf3 77.Rd7 Kh8
78.Bxf7 Ba1 79.Be6 Ne5 80.Rb7 Bd4 81.Rc7 Bb6 82.Rb7 Bd4 83.Bf5 Kg8 84.Ke7 Nf3
85.Ke6 Ba1 86.Bh7+ Kh8 87.Be4 Nd2 88.Bd5 Bd4 89.Kf5 Nf1 90.Kg6  1-0

[Event "Icelandic Open 2018"]
[Site "Reykjavik ISL"]
[Date "2018.06.03"]
[Round "4.10"]
[White "Briem,Stephan"]
[Black "Bjarnason,S"]
[Result "1-0"]
[WhiteElo "1957"]
[BlackElo "2109"]

1.d4 Nf6 2.c4 c5 3.d5 e6 4.Nf3 exd5 5.cxd5 d6 6.Nc3 g6 7.e4 Bg7 8.h3 O-O
9.Bd3 a6 10.a4 Nbd7 11.O-O Re8 12.Re1 Rb8 13.Bf4 Qc7 14.Nd2 Ne5 15.Bxe5 Rxe5
16.Nc4 Re8 17.a5 Nd7 18.Na4 Ne5 19.Nab6 Bd7 20.f4 Nxc4 21.Nxc4 Bb5 22.Ra2 Bd4+
23.Kh1 Qe7 24.Qe2 Kg7 25.Nd2 Qf6 26.Rf1 Bd7 27.Nc4 Qe7 28.Qf3 f5 29.exf5 gxf5
30.b3 Qf6 31.g3 Re7 32.Rg2 Kh8 33.Qh5 Rbe8 34.g4 Re1 35.Rxe1 Rxe1+ 36.Kh2 Bg1+
37.Rxg1 Rxg1 38.Kxg1 Qd4+ 39.Kg2 Qxd5+ 40.Kf2 Qxd3 41.Qf7 Qd4+ 42.Kg3 Qg7
43.Qxg7+ Kxg7 44.Nxd6 fxg4 45.hxg4 Bc6 46.f5 Bd5 47.Nc4 Kf6 48.Kf4 h6 49.Nd2 Kf7
50.Ke5 Bg2 51.Nc4 Ke7 52.f6+ Kd7 53.Ne3 Bf3 54.Nf5 Ke8 55.Nxh6 Bd1 56.g5 Bc2
57.Kd6 Bxb3 58.g6 c4 59.f7+ Kf8 60.g7+  1-0

[Event "Mitropa Cup 2018"]
[Site "Le Castella ITA"]
[Date "2018.06.08"]
[Round "8.1"]
[White "Bogner,S"]
[Black "Vocaturo,D"]
[Result "1-0"]
[WhiteElo "2588"]
[BlackElo "2616"]

1.d4 Nf6 2.c4 c5 3.d5 e6 4.Nc3 exd5 5.cxd5 d6 6.Nf3 g6 7.e3 Bg7 8.Bd3 O-O
9.h3 Na6 10.O-O Nc7 11.e4 b5 12.Re1 b4 13.Nb1 Nd7 14.Nbd2 Nb6 15.Nc4 Nxc4
16.Bxc4 Re8 17.Bg5 Bf6 18.Qd2 Bxg5 19.Nxg5 f6 20.Nf3 a5 21.a4 Ba6 22.Bxa6 Nxa6
23.Qd3 Nb8 24.Nd2 Nd7 25.f4 Nb6 26.b3 Qd7 27.Rac1 f5 28.e5 Rad8 29.Nc4 Nxc4
30.Qxc4 Re7 31.Re2 Kg7 32.Rd1 Rde8 33.Rde1 Kg8 34.Kh1 Qd8 35.Re3 Kf8 36.Qa6 Kf7
37.Kg1 Kf8 38.Kf2 dxe5 39.Qf6+ Kg8 40.d6 Re6 41.Qxd8 Rxd8 42.fxe5 Kf7 43.Rd3 Ree8
44.Rd5 Ke6 45.Rxc5 Ra8 46.Ke3 Ra7 47.Kd4 g5 48.Rec1 Rf7 49.Rc8 Rxc8 50.Rxc8 f4
51.Re8+ Kd7 52.Rg8 Ke6 53.Ke4 f3 54.gxf3 Rf4+ 55.Ke3 Rf5 56.Re8+ Kd7 57.Re7+ Kc6
58.Rc7+ Kb6 59.Ke4 Rf4+ 60.Kd5 Rxf3 61.Rc8  1-0

[Event "Armenian Clubs 2018"]
[Site "Yerevan ARM"]
[Date "2018.06.08"]
[Round "1.2"]
[White "Avetisyan,A"]
[Black "Gevorgyan,Albert"]
[Result "1/2-1/2"]
[WhiteElo "2105"]
[BlackElo "1946"]

1.d4 Nf6 2.c4 c5 3.d5 e6 4.Nc3 exd5 5.cxd5 d6 6.Nf3 g6 7.g3 Bg7 8.Bg2 O-O
9.O-O Re8 10.Nd2 a6 11.a4 Nbd7 12.h3 Qc7 13.Nc4 Nb6 14.Na3 Bd7 15.e4  1/2-1/2

[Event "Vera Menchik Mem Rapid"]
[Site "Prague CZE"]
[Date "2018.06.10"]
[Round "6.20"]
[White "Sterba,Erik"]
[Black "Borkovec,M"]
[Result "0-1"]
[WhiteElo "1797"]
[BlackElo "2202"]

1.d4 Nf6 2.c4 e6 3.Nc3 c5 4.d5 exd5 5.cxd5 d6 6.Nf3 g6 7.Bf4 Bg7 8.Nd2 O-O
9.Nc4 Ne8 10.Qd2 a6 11.Ne4 b5 12.Ncxd6 Nxd6 13.Nxd6 g5 14.Bg3 f5 15.Nxc8 f4
16.d6 Qxc8 17.Qd5+ Kh8 18.Qxa8 fxg3 19.hxg3 Bxb2 20.Qe4 Qd7 21.Rd1 Bc3+ 22.Rd2 Nc6
23.e3 Bxd2+ 24.Kxd2 Rxf2+ 25.Ke1 Rf7 26.Bd3 c4 27.Bb1 Kg8 28.Qd5 Kh8 29.Qxg5 Qxd6
30.Qg6 Qxg6 31.Bxg6 Rg7 32.Be8 Ne5 33.Kf2 Re7 34.Bh5 c3 35.Bd1 b4 36.Bc2 Ng4+
37.Kf3 Nxe3 38.Re1 Nd5 39.Rxe7 Nxe7 40.Ke4 Nc6 41.Kd5 b3 42.Bxb3 Nb4+ 43.Kc5 c2
44.Bxc2 Nxc2 45.a4 Ne3 46.Kb6 Kg7 47.Kxa6 Kf6 48.Kb7 Nc4 49.Kc6 Ke5 50.Kb5 Kd4
51.g4 Nd6+ 52.Kc6 Nc4 53.Kb5 Kd5 54.a5 Nxa5 55.Kxa5 Ke4 56.Kb5 Kf4 57.Kc5 Kxg4
58.Kd5 h5 59.Ke4 h4 60.Ke3 Kg3  0-1

[Event "Vera Menchik Mem Rapid"]
[Site "Prague CZE"]
[Date "2018.06.10"]
[Round "6.13"]
[White "Kubikova,H"]
[Black "Burdalev,K"]
[Result "0-1"]
[WhiteElo "2048"]
[BlackElo "2377"]

1.d4 Nf6 2.Nf3 c5 3.d5 e6 4.c4 exd5 5.cxd5 d6 6.Nc3 g6 7.g3 Bg7 8.Bg2 O-O
9.O-O a6 10.a4 Re8 11.Bf4 Nh5 12.Bd2 Nd7 13.Qc2 Rb8 14.Rab1 c4 15.e4 Nc5
16.Be3 b5 17.axb5 axb5 18.Nd4 Bd7 19.Nc6 Bxc6 20.dxc6 Bxc3 21.bxc3 Nd3 22.Bd4 Qc7
23.f4 Qxc6 24.Bf3 Ng7 25.Qg2 d5 26.exd5 Qd6 27.Qh3 Nf5 28.Ba7 Rb7 29.Bf2 Nxf2
30.Rxf2 Qc5 31.Qf1 Rbe7 32.Kg2  0-1

[Event "22nd Voronezh Master Open"]
[Site "Voronezh RUS"]
[Date "2018.06.16"]
[Round "5.28"]
[White "Volkov,Sergey1"]
[Black "Sergienko,S"]
[Result "1-0"]
[WhiteElo "2580"]
[BlackElo "2315"]

1.d4 Nf6 2.c4 c5 3.d5 e6 4.Nc3 exd5 5.cxd5 d6 6.Nf3 g6 7.Bg5 h6 8.Bh4 Bg7
9.Nd2 O-O 10.e4 a6 11.a4 Re8 12.Be2 Nbd7 13.O-O g5 14.Bg3 Ne5 15.f4 gxf4
16.Rxf4 b6 17.h3 Ra7 18.Kh1 Nh7 19.Rf2 Ng5 20.Qc2 Ng6 21.h4 Nh7 22.Nc4 Ne5
23.Ne3 Bf6 24.Rf4 Ng6 25.Rxf6 Nxf6 26.Nc4 Ne5 27.Bxe5 dxe5 28.Qd3 Nh5 29.Bxh5 Qxh4+
30.Kg1 Qxh5 31.Nxb6 Qg6 32.a5 Bg4 33.Rf1 Kh7 34.Nca4 Rc7 35.Rf2 Rg8 36.d6 Rc6
37.Nc4 Qe6 38.Qd5 Bh5 39.Qxe6 fxe6 40.d7 Kg7 41.Nxe5 Rc7 42.Nb6 Rd8 43.b3 c4
44.bxc4 Rc5 45.Nd3 Rc7 46.Nb4 Rc5 47.Ra2 Bg6 48.Nxa6 Re5 49.Nc7 Bxe4 50.a6 Kf6
51.a7 Bb7 52.a8=Q Bxa8 53.Ncxa8 Rc5 54.Ra7 Rc6 55.Rb7 Ke5 56.Nc7 Kd6 57.Na6 e5  1-0

[Event "11th New York Int 2018"]
[Site "New York USA"]
[Date "2018.06.17"]
[Round "8.10"]
[White "Tremblay,R"]
[Black "Rowe,D"]
[Result "1/2-1/2"]
[WhiteElo "2178"]
[BlackElo "2096"]

1.d4 Nf6 2.c4 c5 3.d5 e6 4.Nc3 exd5 5.cxd5 d6 6.Nf3 g6 7.h3 Bg7 8.Bf4 a6
9.a4 Qe7 10.e3 O-O 11.Be2 Nbd7 12.O-O Ne8 13.Nd2 g5 14.Bh2 f5 15.Nc4 f4 16.a5 Rb8
17.Qd2 f3 18.Bxf3 Rxf3 19.gxf3 b5 20.axb6 Nxb6 21.Nxb6 Rxb6 22.Kh1 Qf7 23.f4 Bxh3
24.Rg1 g4 25.Ra2 Qf5 26.Ra4 Qd7 27.Rc4 Qb7 28.Na4 Rb3 29.f5 Bd4 30.e4 Bg7
31.Bg3 Qb5 32.Qc2 Rf3 33.b4 Bd4 34.bxc5 Bxf2 35.Bxf2 Rxf2 36.Qxf2 Qxc4 37.Qe3 Qxa4
38.Qxh3 Qxe4+ 39.Qg2 Qxg2+ 40.Rxg2 dxc5 41.Ra2 Nd6 42.Rxa6 Nxf5 43.Rf6 Ng3+
44.Kg2 Nh5 45.Rf1 Kg7 46.d6 Nf6 47.Kg3 Ne4+  1/2-1/2

[Event "Silver Lake Open 2018"]
[Site "Veliko Gradiste SRB"]
[Date "2018.06.20"]
[Round "5.12"]
[White "Atalik,S"]
[Black "Velickovic,Sa"]
[Result "1-0"]
[WhiteElo "2512"]
[BlackElo "2275"]

1.d4 Nf6 2.c4 c5 3.d5 e6 4.Nc3 exd5 5.cxd5 d6 6.Nf3 g6 7.Nd2 Nbd7 8.e4 a6
9.a4 Bg7 10.Be2 O-O 11.O-O Rb8 12.Ra3 Ne8 13.Nf3 b6 14.Bg5 f6 15.Bh4 Nc7
16.Rb3 Bh6 17.Nd2 Ne5 18.Nc4 Nxc4 19.Bxc4 Kh8 20.Qd3 Qe8 21.Bg3 Qd8 22.f4 Bg7
23.f5 g5 24.Bf2 Qd7 25.g4 Rg8 26.Rd1 Bf8 27.h3 Rg7 28.Kg2 Qe8 29.Ra1 Qd7
30.Bg3 Qe8 31.Qe2 Be7 32.Rh1 Bd7 33.Bxa6 Bxa4 34.Nxa4 Qxa4 35.Ra3 Qd7 36.Bd3 b5
37.b4 c4 38.Bc2 Ne8 39.Bf2 Bd8 40.Ra6 Qc8 41.Rha1 Rgb7 42.h4 gxh4 43.Rc6 Qd7
44.Raa6 Qg7 45.Kh3 Be7 46.Bxh4 Nc7 47.Ra3 Ne8 48.Qe3 Bf8 49.Qd4 h6 50.Raa6 Kg8
51.Bd1 Qf7 52.Bg3 Rd8 53.Bf4 Kh7 54.Ra3 Qe7 55.Kg2 Bg7 56.Bc2 Rdd7 57.Rca6 Rd8
58.Qd2 Rdd7 59.Rh3 Qf8 60.Be3 Rd8 61.Ra1 Rc8 62.Bxh6 Kg8 63.Be3 c3 64.Qd3 Rc4
65.Bd4 Rxb4 66.Bxc3 Rc4 67.Bb3 Rc8 68.g5 fxg5 69.Bxg7 Qxg7 70.Re1 b4 71.f6 Nxf6
72.e5 Nd7 73.exd6 Nc5 74.Qc2 Rf8 75.Re7  1-0

[Event "National Open 2018"]
[Site "Las Vegas USA"]
[Date "2018.06.21"]
[Round "1.1"]
[White "Swiercz,D"]
[Black "Oconnor,Derek"]
[Result "1-0"]
[WhiteElo "2657"]
[BlackElo "2245"]

1.d4 Nf6 2.c4 c5 3.d5 e6 4.Nc3 exd5 5.cxd5 d6 6.Nf3 g6 7.g3 Bg7 8.Bg2 O-O
9.O-O Re8 10.Re1 a6 11.a4 Nbd7 12.Bf4 Nh5 13.Bg5 Bf6 14.Bxf6 Qxf6 15.e4 Rb8
16.Bf1 Ng7 17.Re3 Ne5 18.Nxe5 Qxe5 19.a5 b5 20.axb6 Rxb6 21.b3 Re7 22.Ra2 g5
23.Na4 Rb4 24.Bc4 f6 25.Rd2 Ra7 26.Nb2 Rbb7 27.Bf1 Bd7 28.Nc4 Qe7 29.f4 gxf4
30.gxf4 Kh8 31.Rg2 Rb8 32.Reg3 Rg8 33.Bd3 Bb5 34.e5 Bxc4 35.bxc4 fxe5 36.Qh5 e4
37.Qxh7+  1-0

[Event "22nd Voronezh Master Open"]
[Site "Voronezh RUS"]
[Date "2018.06.21"]
[Round "9.44"]
[White "Gurvich,Vitaly"]
[Black "Khokhlova,Daria"]
[Result "1/2-1/2"]
[WhiteElo "2305"]
[BlackElo "2198"]

1.d4 Nf6 2.c4 c5 3.d5 e6 4.Nc3 exd5 5.cxd5 d6 6.Nf3 g6 7.e4 Bg7 8.Nd2 O-O
9.Be2 a6 10.a4 Nbd7 11.O-O Re8 12.f4 c4 13.Kh1 Nc5 14.e5 dxe5 15.fxe5 Rxe5
16.Nxc4 Re8 17.Bg5 h6 18.Bh4 Nce4 19.Nxe4 Rxe4 20.Bg3 Bg4 21.Bxg4 Rxc4 22.Bf3 Ne4
23.Bxe4 Rxe4 24.d6 Qd7 25.Rc1 Rf8 26.Rc7 Qxa4 27.d7 Bf6 28.Rc8 Qxd1 29.Rxd1 Kg7
30.Rxf8 Kxf8 31.d8=Q+ Bxd8 32.Rxd8+ Ke7 33.Rd3 Rc4 34.h3 h5 35.Rb3 b5 36.Re3+ Kd7
37.Rd3+ Ke7 38.b3 Rc6 39.Bh4+ f6 40.Bf2 g5 41.h4 Ke6 42.Bg3 a5 43.hxg5 fxg5
44.Re3+ Kf6 45.Re8 a4 46.bxa4 bxa4 47.Ra8 Rc4 48.Ra5 Kg6 49.Kh2 Re4 50.Kg1 Rc4
51.Bd6 Re4 52.Kf2 Kf6 53.Bc7 Kg6 54.Bd8 Rf4+ 55.Kg1 Rg4 56.Ra6+ Kh7 57.Be7 Kg7
58.Ba3 Kh7 59.Bc1 Kg7 60.Kf2 Kh7 61.Kf3 Kg7 62.Be3 Kh7 63.Rb6 Kg7 64.Re6 Kh7
65.Bd2 Kg7 66.Bc1 Kh7 67.Ra6 Kg7 68.Bb2+ Kh7 69.Bc1 Kg7 70.Rd6 Kh7 71.Be3 Kg7
72.g3 Kh7 73.Bd4 a3 74.Rd5 a2 75.Ba1 Rc4 76.Ra5 h4 77.Rxa2 Kg6 78.gxh4 Rxh4
79.Be5 Rb4 80.Ra6+ Kf5 81.Bg3 Rb3+ 82.Kg2 Kg4 83.Bf2 Rd3 84.Re6 Kf5 85.Rb6 Kg4
86.Rb4+ Kh5 87.Bg3 Kg6 88.Kh3 Kh5 89.Rb8 Rd4 90.Rh8+ Kg6 91.Bf2 Rc4 92.Re8 Kf5
93.Be3 Rc6 94.Kg3 Re6 95.Rf8+ Rf6 96.Ra8 Re6 97.Kf3 Re5 98.Rg8 Ke6 99.Bd4 Rf5+
100.Kg3 Rb5 101.Rg6+ Kf5 102.Rf6+ Ke4 103.Bf2 Rf5 104.Ra6 Rf3+ 105.Kg2 Rd3
106.Rf6 Ke5 107.Rf8 Ke6 108.Bg3 Rc3 109.Kh3 Rc4 110.Be1 Rf4 111.Rg8 Kf5 112.Bd2 Rh4+
113.Kg3 Rh5 114.Be3 Kf6 115.Bd4+ Kf5 116.Rf8+ Kg6 117.Rf6+ Kh7 118.Be5 Rh4
119.Bc3 Re4 120.Bd2 Kg7 121.Bxg5 Ra4 122.Rc6 Kf7 123.Bf4 Ke7 124.Kg4 Ra5
125.Bd2 Rb5 126.Kf4 Kd7 127.Rh6 Rd5 128.Bc3 Rd6 129.Rh7+ Kc6 130.Be5 Rg6
131.Rc7+ Kd5 132.Rc1 Rg2 133.Rd1+ Kc5 134.Kf3 Ra2 135.Ke3 Rc2 136.Rd7 Ra2
137.Bd4+ Kc6 138.Rh7 Rg2  1/2-1/2

[Event "CHN Team Men 2018"]
[Site "Hangzhou CHN"]
[Date "2018.06.22"]
[Round "5.4"]
[White "Li,Di"]
[Black "Li Shilong"]
[Result "0-1"]
[WhiteElo "2450"]
[BlackElo "2519"]

1.d4 Nf6 2.c4 e6 3.Nf3 c5 4.d5 d6 5.Nc3 exd5 6.cxd5 g6 7.g3 Bg7 8.Bg2 O-O
9.O-O Re8 10.Re1 Na6 11.Nd2 Nc7 12.a4 b6 13.h3 Ba6 14.Ra3 Qd7 15.g4 Re7 16.Nf1 h5
17.g5 Nh7 18.Ng3 Rae8 19.Nge4 Bd4 20.Bf4 Nxd5 21.Nxd5 Rxe4 22.Bxe4 Rxe4 23.e3 Bxb2
24.Qc2 Qf5 25.f3 Bxa3 26.fxe4 Qxh3 27.Qc3 Qg4+ 28.Kh2 Qh4+ 29.Kg1 Qg4+ 30.Kh2 Bb2
31.Ne7+ Kf8 32.Nxg6+ fxg6 33.Qxb2 Ke8 34.Qg7 Nf8 35.Qxa7 Qh4+ 36.Kg2 Qxe1
37.Qxa6 Nd7 38.Qd3 Ne5 39.Bxe5 dxe5 40.Qb5+ Ke7 41.Qxb6 Qe2+ 42.Kh1 Qf1+
43.Kh2 Qf2+ 44.Kh1 Qh4+ 45.Kg2 Qxe4+ 46.Kf2 Qh4+ 47.Ke2 Qxg5 48.Kf2 Qh4+
49.Ke2 Qe4 50.Kf2 Qc2+ 51.Kg3 h4+ 52.Kh3 Qf5+ 53.Kxh4 Qe4+ 54.Kh3 Qxe3+ 55.Kh2 Qf2+
56.Kh3 Qf3+ 57.Kh2 Qh5+ 58.Kg2 Qg5+ 59.Kf2 Qf4+ 60.Ke2 Qe4+ 61.Kf2 Qxa4 62.Qxc5+ Kf6
63.Qc8  0-1

[Event "National Open 2018"]
[Site "Las Vegas USA"]
[Date "2018.06.22"]
[Round "3.4"]
[White "Chandra,Akshat"]
[Black "Li,Ruifeng"]
[Result "0-1"]
[WhiteElo "2503"]
[BlackElo "2581"]

1.d4 Nf6 2.c4 e6 3.Nf3 c5 4.d5 exd5 5.cxd5 d6 6.Nc3 g6 7.Bf4 a6 8.a4 Bg7
9.h3 O-O 10.e3 Ne8 11.Be2 Nd7 12.O-O Ne5 13.Bxe5 dxe5 14.a5 Nd6 15.Nd2 Bf5
16.e4 Bd7 17.Nc4 Qc7 18.Nxd6 Qxd6 19.Na4 Bxa4 20.Qxa4 Rfb8 21.Rfc1 Bf8 22.Rc3 b5
23.axb6 Qxb6 24.Ra2 Qb4 25.Qc2 a5 26.Bc4 Bd6 27.g3 a4 28.Kg2 Ra7 29.Rca3 Rba8
30.Qc1 Qb6 31.Qa1 Kg7 32.h4 h5 33.Qd1 Ra5 34.Qc1 Qc7 35.Qc3 Qb7 36.b3 axb3
37.Rxb3 Qa7 38.Rxa5 Qxa5 39.Qxa5 Rxa5 40.Rb6 Ra4 41.Bb5 Rb4 42.Rxd6 Rxb5
43.f4 Rb2+ 44.Kf3 Rb3+ 45.Kf2 Rb4 46.Ke3 Rb3+ 47.Ke2 Rb4 48.Kd3 Rd4+ 49.Ke3 f5
50.fxe5 Rxe4+ 51.Kd3 Rxe5 52.Rd8 Re4 53.d6 Kf7 54.d7 Ke7 55.Rg8 Kxd7 56.Rxg6 c4+
57.Kc3 f4 58.g4 hxg4 59.Rxg4 Ke6 60.h5 Kf5 61.Rg8 Re7 62.Kxc4 Ke4 63.h6 Rc7+
64.Kb3 Rh7 65.Rg6 Kf5 66.Ra6 f3 67.Kc3 f2 68.Ra8 Rxh6 69.Ra1 Ke4  0-1

[Event "CHN Team Men 2018"]
[Site "Hangzhou CHN"]
[Date "2018.06.23"]
[Round "7.8"]
[White "Zhou,Yibo"]
[Black "Zhang,Ziji"]
[Result "0-1"]
[WhiteElo "1903"]
[BlackElo "2374"]

1.d4 Nf6 2.Nf3 c5 3.d5 e6 4.c4 exd5 5.cxd5 d6 6.Nc3 g6 7.Bf4 a6 8.a4 Bg7
9.e3 O-O 10.h3 Qe7 11.Bd3 Nbd7 12.O-O Nh5 13.Bh2 f5 14.Re1 b6 15.Nd2 Ne5
16.Nc4 Nxc4 17.Bxc4 Nf6 18.Qd3 Nd7 19.Qc2 h6 20.Rab1 Ne5 21.Ne2 g5 22.b4 f4
23.Nxf4 Nxc4 24.Ng6 Qf6 25.Nxf8 Na3 26.Qg6 Nxb1 27.Rxb1 Qxf8 28.e4 c4 29.Bxd6 Qf7
30.Qxf7+ Kxf7 31.e5 Bf5 32.Rc1 Rc8 33.e6+ Kg6 34.Bc7 Bxe6  0-1

[Event "National Open 2018"]
[Site "Las Vegas USA"]
[Date "2018.06.24"]
[Round "7.4"]
[White "Hevia,A"]
[Black "Bryant,J"]
[Result "1/2-1/2"]
[WhiteElo "2482"]
[BlackElo "2461"]

1.d4 Nf6 2.Nf3 e6 3.c4 c5 4.d5 exd5 5.cxd5 d6 6.Nc3 g6 7.Bf4 Bg7 8.Qa4+ Bd7
9.Qb3 Qc7 10.e4 O-O 11.Nd2 Nh5 12.Be3 f5 13.exf5 Bxf5 14.Be2 Nf6 15.h3 Na6
16.Rc1 Nb4 17.O-O Bd3 18.Nb5 Bxb5 19.Bxb5 a6 20.Be2 Rac8 21.Bf3 a5 22.a3 a4
23.Qc4 b5 24.Qxb5 Nbxd5 25.Bg5 Nb6 26.Nc4 Rb8 27.Rfd1 Nxc4 28.Qxc4+ Kh8 29.Qxa4 Rxb2
30.Qc6 Qxc6 31.Bxc6 Rb6 32.Rxd6 Ne4 33.Bxe4 Rxd6 34.Be7 Rd2 35.Bxf8 Bxf8
36.a4 Bd6 37.Kf1 Kg7 38.Rc2 Rd1+ 39.Ke2 Ra1 40.Rc4 Kf6 41.Bc2 Ra3 42.Kd2 h6
43.Rc3 Ra2 44.Kd3 g5 45.Ke4 h5 46.Kd5 Ke7 47.Kc6 Be5 48.Re3 Rxc2 49.Rxe5+ Kf6
50.Rxc5 Rxf2 51.a5 Rxg2 52.a6 Ra2 53.Kb6 g4 54.h4 g3 55.Rxh5 g2 56.Rg5 Re2
57.a7 Re6+ 58.Kb5 Re5+ 59.Rxe5 g1=Q 60.a8=Q Kxe5 61.Qe8+ Kf6 62.Qf8+ Ke6
63.Qf4 Qd1 64.Qe4+ Kf6 65.Kc6 Qd8 66.Qf4+ Kg6 67.Qg4+ Kh6 68.Qf4+ Kh5 69.Qg5+ Qxg5
70.hxg5 Kxg5  1/2-1/2

[Event "2nd Baltic Cup 2018"]
[Site "Darlowko POL"]
[Date "2018.06.25"]
[Round "2.7"]
[White "Simantsev,M"]
[Black "Krajewicz,P"]
[Result "1-0"]
[WhiteElo "2434"]
[BlackElo "2002"]

1.d4 Nf6 2.c4 c5 3.d5 e6 4.Nc3 exd5 5.cxd5 d6 6.Nf3 g6 7.Bf4 Bg7 8.h3 O-O
9.e3 Na6 10.Bc4 Nc7 11.a4 Rb8 12.O-O a6 13.e4 b5 14.axb5 axb5 15.Bd3 c4 16.Bc2 b4
17.Ne2 Nh5 18.Bg5 Bf6 19.Qd2 Ba6 20.Rfe1 c3 21.bxc3 Bxe2 22.Rxe2 bxc3 23.Qe3 Re8
24.Rd1 Bxg5 25.Nxg5 Qf6 26.g3 Na6 27.Nf3 Nb4 28.Ba4 Rec8 29.Nd4 Ra8 30.Bc6 Ra3
31.Rc1 Na2 32.Rcc2 Rb8 33.Nb5 Rb3 34.Rxa2 c2 35.Qd2 Nxg3 36.fxg3 Rxg3+ 37.Rg2 Rxb5
38.Bxb5  1-0

[Event "Lanzarote Open 2018"]
[Site "Lanzarote ESP"]
[Date "2018.06.25"]
[Round "2.9"]
[White "Navio Lopez,Manuel"]
[Black "Hernandez Leon,A"]
[Result "1/2-1/2"]
[WhiteElo "1918"]
[BlackElo "2213"]

1.d4 Nf6 2.c4 c5 3.d5 e6 4.Nc3 exd5 5.cxd5 d6 6.Nf3 g6 7.Nd2 Nbd7 8.g3 Bg7
9.Bg2 O-O 10.O-O Re8 11.h3 a6 12.a4 Rb8 13.a5 Qc7 14.Qc2 Nh5 15.Nc4 Ne5 16.Nb6 Nd7
17.Nc4 Ne5 18.Nb6 Nd7  1/2-1/2

[Event "OSS International 2018"]
[Site "Oslo NOR"]
[Date "2018.06.25"]
[Round "7.17"]
[White "Rishovd,Svein"]
[Black "Gronn,Eskil Ekeland"]
[Result "1-0"]
[WhiteElo "2117"]
[BlackElo "1869"]

1.d4 Nf6 2.c4 c5 3.d5 e6 4.Nc3 exd5 5.cxd5 d6 6.Nf3 g6 7.Bf4 Bg7 8.Qa4+ Bd7
9.Qb3 Qc7 10.e4 O-O 11.Nd2 Re8 12.Be2 a6 13.a4 Bg4 14.f3 Nh5 15.Bg5 Bc8 16.g4 Nf6
17.Nc4 Nbd7 18.Bf4 Bf8 19.a5 Rd8 20.Na4 Rb8 21.Qc3 Ne8 22.O-O Bg7 23.Qe1 Bd4+
24.Kh1 Ne5 25.Nab6 Bd7 26.Nxd7 Qxd7 27.Nb6 Qe7 28.Qd2 Nd7 29.Nc4 b5 30.axb6 Nxb6
31.Na5 Nxd5 32.Nc6 Qh4 33.Bg3 Qh3 34.Nxd4 Nef6 35.exd5 cxd4 36.Rg1  1-0